Дело по прошению профессора Педагогического института Е. Зябловского о приёме от него 400 экземпляров курса "Всеобщей истории" и...

Доступно только в Электронных читальных залах Найти на картеНа карте
RUSMARC
00003859nmc2a2200000 x 450
001840f8252-781a-4d2b-8ca8-6427c73d4e56
00520171115123513.0
100##$a20151211l18141816k l0rusy0189 ca
1010#$arus
102##$aRU
2001#$aДело по прошению профессора Педагогического института Е. Зябловского о приёме от него 400 экземпляров курса "Всеобщей истории" и о подписке в пользу училищ двухсот экземпляров на издаваемое им "Статистическое описание Российской империи"
$j1 октября 1814 г. - 29 февраля 1816 г.
251##$cДело
300##$aДело
801#0$aRU
$bРГИА
$c20151211
$gRCR
801#1$aRU
$bГлавНИВЦ
$c20151211
$2rusmarc
801#2$aRU
$bПБ им. Б.Н. Ельцина
$c20171115
$gRCR
$2rusmarc
850##$aРГИА
852##$aРГИА
$eФедеральное казенное учреждение "Российский государственный исторический архив" (РГИА)
$j299
937##$hРГИА
$d12187463
$aASBIBLIO_SCAN
462#0$1001a72b6b5a-b506-4d67-873a-f622b4f5e56d
$12001
$aДела Департамента народного просвещения по цензурной части
$1251
$cОпись
$1852
$j118
461#0$1001a74412a3-3cc5-4d21-8f0a-dfe2fbd9e72d
$12001
$aДепартамент народного просвещения Министерства народного просвещения (1803-1917)
$1251
$cФонд
$1852
$j733
215##$a38 л.
$d36,5х26 см
371##$aДокумент не является опубликованным и широко распространяемым
105##$ay###
1222#$ad
035##$a840f8252-781a-4d2b-8ca8-6427c73d4e56
856##$uhttp://readingroom.main.prlib.ru/item.aspx?id_node=n109055148&mode=full
Формат отображения